Pokuty za znečisťovanie životného prostredia v Slovenskej republike za rok 1994

Guardado en:
Detalles Bibliográficos
Formato: Libro
Lenguaje:eslovaco
Publicado: Bratislava Štatistický úrad Slovenskej republiky 1995
Colección:Štatistické čísla a grafy
Materias:
Etiquetas: Agregar Etiqueta
Sin Etiquetas, Sea el primero en etiquetar este registro!

MARC

LEADER 00000nam a2200000 4500
001 c017293
005 20251201134240.9
041 0 |a slo 
044 |a SK 
245 1 0 |a Pokuty za znečisťovanie životného prostredia v Slovenskej republike za rok 1994 
264 1 |a Bratislava  |b Štatistický úrad Slovenskej republiky  |c 1995 
300 |a 22 s. 
490 1 |a Štatistické čísla a grafy 
830 0 |a Štatistické čísla a grafy 
610 2 0 |a Slovensko 
610 2 0 |a pokuty 
610 2 0 |a prostredie životné 
610 2 0 |a ochrana prostredia životného